000
00298nam a22001337a 4500
008
170928b xxu||||| |||| 00| 0 eng d
020
_a
9780312675974
041
_a
eng
080
_2
6 ED
_a
37
100
_a
47
101
_a
EDU
245
_a
ST MATIN HANDBOOK
_c
LUNSFORD.A.A
942
_2
udc
_c
BK
999
_c
30583
_d
30583